000 00743nam a2200193Ii 4500
003 JO-AjNU
008 230606s9999||||xx |||||||||||||| ||und||
040 _aJO-AjNU
_beng
_erda
_cJO-AjNU
041 _aeng
050 1 4 _aHV6626 .B36 1978
100 3 _a the United States Commission on Civil Rights,
_eauthor
_92880
245 0 0 _aBattered women : issues of public policy : a consultation sponsored by the United States Commission on Civil Rights, Washington, D.C., January 30-31, 1978.
264 3 1 _aWashington, D.C. : The Commission, [between 1978 and 1983]
300 _a706p
336 _atext
_btxt
_2rdacontent
337 _aunmediated
_bn
_2rdamedia
338 _avolume
_bnc
_2rdacarrier
650 4 _aAbused women-United States.
_92881
999 _aE1509
_c1509
_d1509